000 00430nab a22001337u 4500
008 130520b1988 xxu||||| |||| 00| 0 spa d
041 _aspa
100 1 _aBeuken, Willem A. M.
_911900
245 0 0 _aLa verdad y sus víctimas
_cWillem A. M. Beuken, Sean Freyne, Anton G. Weiler
700 1 _aFreyne, Sean
_98088
700 1 _aWeiler, Anton G.
_924391
773 0 _tConcilium
_gV.2,1988,págs.347-353
_x0210-1041
_wRev134
942 _cAR
999 _c355400
_d355400